000 01384nam a2200349Ia 4500
001 ebr10135444
003 CaPaEBR
006 m u
007 cr cn|||||||||
008 040512s2005 nyu sb 001 0 eng d
010 _z 2004049000
015 _aGBA491360
_2bnb
020 _z1403978271
020 _z1403967334
040 _aCaPaEBR
_cCaPaEBR
035 _a(OCoLC)560462193
050 1 4 _aPL2278
_b.D66 2005eb
100 1 _aDooling, Amy D.
245 1 0 _aWomen's literary feminism in twentieth-century China
_h[electronic resource] /
_cby Amy D. Dooling.
246 3 _aWomen's literary feminism in 20th-century China
250 _a1st ed.
260 _aNew York, N.Y. :
_bPalgrave Macmillan,
_c2005.
300 _ax, 273 p.
504 _aIncludes bibliographical references (p. [245]-263) and index.
533 _aElectronic reproduction.
_bPalo Alto, Calif. :
_cebrary,
_d2009.
_nAvailable via World Wide Web.
_nAccess may be limited to ebrary affiliated libraries.
650 0 _aChinese literature
_xWomen authors
_xHistory and criticism.
650 0 _aChinese literature
_y20th century
_xHistory and criticism.
650 0 _aFeminism in literature.
655 7 _aElectronic books.
_2local
710 2 _aebrary, Inc.
856 4 0 _uhttp://site.ebrary.com/lib/rucke/Doc?id=10135444
_zAn electronic book accessible through the World Wide Web; click to view
999 _c85090
_d85090